Clickable Historical Tweets Quiz Stats

Quiz Updated Jul 23, 2016

Challenge
Share
Tweet
Embed
Score 0/20 Timer 06:00
2 Plays Today
% Correct
Thomas Edison
95.5%
Amelia Earhart
93.5%
Walt Disney
92.5%
Karl Marx
92.2%
Che Guevara
91.8%
Margaret Thatcher
91.6%
Cleopatra
90.6%
Sigmund Freud
90.1%
Queen Victoria
89.3%
Otto von Bismarck
87.9%
% Correct
Charles Darwin
86.4%
Nicolaus Copernicus
86.2%
Vasco da Gama
86.1%
Louisa May Alcott
84%
Plato
83%
Frida Kahlo
80.6%
Harriet Tubman
80.3%
Mahatma Gandhi
77.1%
Gregor Mendel
74.6%
Mother Teresa
73%

You're not logged in!

Compare scores with friends on all Sporcle quizzes.
Sign Up with Email
OR
Log In

You Might Also Like...

Show Comments

Extras

Top Quizzes Today


Score Distribution

Your Account Isn't Verified!

In order to create a playlist on Sporcle, you need to verify the email address you used during registration. Go to your Sporcle Settings to finish the process.